| 000 | 01165cam a2200289 a 4500 | ||
|---|---|---|---|
| 001 | 17461631 | ||
| 003 | OSt | ||
| 005 | 20230819112700.0 | ||
| 008 | 120913s2014 nyua 000 0 eng | ||
| 010 | _a 2012037346 | ||
| 020 | _a9780071314756 | ||
| 040 |
_aDLC _cDLC _dDLC |
||
| 042 | _apcc | ||
| 050 | 0 | 0 |
_aHF5657.4 _b.Z55 2014 |
| 082 | 0 | 0 |
_a658.1511 _bZIM/A |
| 100 | 1 |
_aZimmerman, Jerold L., _d1947- _99325 |
|
| 245 | 1 | 0 |
_aAccounting for decision making and control / _cJerold L. Zimmerman. |
| 250 | _a8th ed. | ||
| 260 |
_aNew York : _bMcGraw-Hill, _c2014. |
||
| 300 |
_axvi, 680 p. : _bill. ; _c26 cm. |
||
| 650 | 0 | _aManagerial accounting. | |
| 856 | 4 | 2 |
_3Contributor biographical information _uhttp://www.loc.gov/catdir/enhancements/fy1305/2012037346-b.html |
| 856 | 4 | 2 |
_3Publisher description _uhttp://www.loc.gov/catdir/enhancements/fy1305/2012037346-d.html |
| 856 | 4 | 1 |
_3Table of contents only _uhttp://www.loc.gov/catdir/enhancements/fy1305/2012037346-t.html |
| 942 |
_2ddc _cBK _h658.1511 _iZIM/A _k658.1511 _mZIM/A |
||
| 999 |
_c41910 _d41910 |
||